Trece artistas emergentes: EAV - Escuela de Artes Visuales UACh. Registro y catálogo de producción de obras 2005-2013
Salvato in:
| Autore principale: | |
|---|---|
| Altri autori: | |
| Natura: | Libro |
| Lingua: | inglese spagnolo |
| Pubblicazione: |
Valdivia, Chile
Ediciones Kultrún
2016
|
| Soggetti: | |
| Tags: |
Aggiungi Tag
Nessun Tag, puoi essere il primo ad aggiungerne!!
|
MARC
| LEADER | 00000nam a22000007a 4500 | ||
|---|---|---|---|
| 003 | CL-VaPUC | ||
| 005 | 20240805110318.0 | ||
| 008 | 200121b ||||| |||| 00| 0 eng d | ||
| 999 | |c 379558 |d 379556 | ||
| 020 | |a 9789563440713 | ||
| 040 | |c Pontificia Universidad Católica de Valparaíso | ||
| 041 | 0 | |a spa | |
| 082 | |a 709.83 PAR 2016 | ||
| 100 | 1 | |a Parga León, Ángela |e curatora |9 611720 | |
| 245 | 1 | 0 | |a Trece artistas emergentes: |b EAV - Escuela de Artes Visuales UACh. Registro y catálogo de producción de obras 2005-2013 |
| 260 | 3 | |a Valdivia, Chile |b Ediciones Kultrún |c 2016 | |
| 300 | |a 125 páginas | ||
| 583 | |c 20200121 |k Daniel Castañeda | ||
| 650 | 0 | 0 | |a Artes visuales |9 336870 |
| 650 | 0 | 0 | |a Artistas visuales |9 338766 |
| 650 | 0 | 0 | |a Artistas chilenos |9 344566 |
| 650 | 0 | 0 | |a Catálogos |9 256258 |
| 650 | 0 | 0 | |a Exposiciones |9 265884 |
| 700 | 1 | |a Torres Agüero, Antonia |e editor |9 611721 | |
| 942 | |2 ddc |c BK | ||
| 952 | |0 0 |1 0 |2 ddc |4 0 |6 709_830000000000000_PAR_2016 |7 0 |8 R |9 500135 |a BIBART |b BIBART |d 2020-01-21 |i 5611598 |l 4 |o 709.83 PAR 2016 |p 5611598 |r 2025-04-03 |s 2025-04-02 |t 1 |w 2020-01-21 |y BK_R |k ART | ||